The pranks an' enlightenment of Frank an' me / (Запис № 538570)

МАРК-запис
000 -LEADER
fixed length control field 01279cam a2200289Ia 4500
001 - CONTROL NUMBER
control field pranksanenlighte00wollrich
003 - CONTROL NUMBER IDENTIFIER
control field CaSfIA
005 - DATE AND TIME OF LATEST TRANSACTION
control field 20210118211657.0
007 - PHYSICAL DESCRIPTION FIXED FIELD--GENERAL INFORMATION
fixed length control field cr||||
008 - FIXED-LENGTH DATA ELEMENTS--GENERAL INFORMATION
fixed length control field 990412s1997 flua 000 1 eng d
040 ## - CATALOGING SOURCE
Original cataloging agency CIB
Transcribing agency CIB
Modifying agency OCL
-- OCLCQ
-- CaSfIA
020 ## - INTERNATIONAL STANDARD BOOK NUMBER
International Standard Book Number 1884707491
020 ## - INTERNATIONAL STANDARD BOOK NUMBER
International Standard Book Number 9781884707490
035 ## - SYSTEM CONTROL NUMBER
System control number (OCoLC)41147468
043 ## - GEOGRAPHIC AREA CODE
Geographic area code n-us-ma
100 1# - MAIN ENTRY--PERSONAL NAME
Personal name Wolley, Robert.
245 14 - TITLE STATEMENT
Title The pranks an' enlightenment of Frank an' me /
Medium [electronic resource]
Statement of responsibility, etc by Robert Wolley.
246 3# - VARYING FORM OF TITLE
Title proper/short title Pranks and enlightment of Frank and me
260 ## - PUBLICATION, DISTRIBUTION, ETC. (IMPRINT)
Place of publication, distribution, etc Tavares, FL :
Name of publisher, distributor, etc Lifestyle Press,
Date of publication, distribution, etc c1997.
300 ## - PHYSICAL DESCRIPTION
Extent 213 p. :
Other physical details ill. ;
Dimensions 23 cm.
506 ## - RESTRICTIONS ON ACCESS NOTE
Standardized terminology for access restriction Необхідна авторизація на https://archive.org/ (створення облікового запису безкоштовно)
506 ## - RESTRICTIONS ON ACCESS NOTE
Standardized terminology for access restriction Необхідна авторизація на https://openlibrary.org/ (створення облікового запису безкоштовно)
651 #0 - SUBJECT ADDED ENTRY--GEOGRAPHIC NAME
Geographic name Cape Cod (Mass.)
Form subdivision Fiction.
856 41 - ELECTRONIC LOCATION AND ACCESS
Uniform Resource Identifier <a href="http://www.archive.org/details/pranksanenlighte00wollrich">http://www.archive.org/details/pranksanenlighte00wollrich</a>
Public note Free eBook from the Internet Archive
856 42 - ELECTRONIC LOCATION AND ACCESS
Uniform Resource Identifier <a href="http://www.openlibrary.org/books/OL12154518M">http://www.openlibrary.org/books/OL12154518M</a>
Public note Additional information and access via Open Library
942 ## - ADDED ENTRY ELEMENTS (KOHA)
Koha item type ЕКнига

Немає доступних примірників.